[Event "RSA-ch U10"]
[Site "Gauteng"]
[Date "2017.04.09"]
[Round "8"]
[White "Daniel, Isaiah"]
[Black "Senekal, Frederick Petrus"]
[Result "0-1"]
[WhiteElo "890"]
[BlackElo "1058"]
[PlyCount "62"]
[EventDate "2017.04.05"]
[EventType "swiss"]
[EventRounds "11"]
[EventCountry "RSA"]
[SourceTitle "CBM 177 Extra"]
[Source "ChessBase"]
[SourceDate "2017.04.27"]
[SourceVersion "1"]
[SourceVersionDate "2017.04.27"]
[SourceQuality "1"]

1. e4 e5 2. Nf3 Nc6 3. Bc4 Bc5 4. Nc3 Nf6 5. d3 d6 6. h3 0-0 7. Be3 Bb6 8. 0-0 Bd7 9. Nd5 Re8 10. Nh2 Nxd5 11. Bxd5 Qf6 12. Qf3 Qxf3 13. Nxf3 Rac8 14. Rad1 Rb8 15. d4 exd4 16. Bxd4 Nxd4 17. Nxd4 c6 18. Bb3 Rxe4 19. Nf3 d5 20. Rfe1 Rbe8 21. Rxe4 Rxe4 22. Re1 Rxe1+ 23. Nxe1 Kf8 24. c4 dxc4 25. Bxc4 Ke7 26. Nf3 Be6 27. Bxe6 Kxe6 28. Kf1 Kd6 29. Nd2 Kd5 30. f3 Kd4 31. Ke1 Kd3 0-1